000 00459nam a2200181Ia 4500
001 20418
003 IN-NITTTR
005 20251114233233.0
008 251113s9999||||xx |||||||||||||| ||eng||
040 _beng
040 _cIN-NITTTR
041 _aeng
082 _a808.882 L585B
100 _aLewis, George Q
245 4 _aThe best jokes of all time and how to tell them. /
_cLewis, George Q, Wachs, Mark.
700 _a Wachs, Mark.
942 _2ddc
_cBK
999 _c23051
_d23051